| 000 | 00532nam a2200181 4500 | ||
|---|---|---|---|
| 001 | 116518 | ||
| 003 | ES-MaACL | ||
| 005 | 20230906190724.0 | ||
| 007 | t| | ||
| 008 | 061121s1971 sp r ||||1| spa d | ||
| 100 | 1 |
_aPaulhus, E. _989649 |
|
| 245 | 1 | 3 |
_aLa catequización de los inadaptados / _cE. Paulhus y J. Mesny ; traducción por Luis Morente. |
| 260 |
_aMadrid : _bMarova, _c1971. |
||
| 300 |
_a210 p. ; _c21 cm. |
||
| 700 | 1 |
_aMesny, J. _980669 |
|
| 700 | 1 |
_aMorente, Luis. _983451 |
|
| 852 |
_aES-MaACL _jC-41938 _bR.79022 |
||
| 999 |
_c116518 _d116518 |
||